| 000 | 01075cam a2200313 a 4500 | ||
|---|---|---|---|
| 999 |
_c21012 _d21012 |
||
| 001 | 255224 | ||
| 003 | OSt | ||
| 005 | 20200605150128.0 | ||
| 008 | 990520s1999 ii b 000 0 eng | ||
| 010 | _a 99933622 | ||
| 020 | _a8186803432 | ||
| 025 | _aI-E-99-933622; 63-91 | ||
| 037 |
_bLibrary of Congress -- New Delhi Field Office _cRs600.00 |
||
| 040 |
_aDLC _coclc _dDLC |
||
| 042 | _alcode | ||
| 043 | _aa-ii--- | ||
| 050 | 0 | 0 |
_aDS480.84 _b.G39 1999 |
| 082 | 0 | 0 |
_a320.95409045 _bGEH/I |
| 100 |
_aGehlot, N S _d1947- _92556 |
||
| 245 | 1 | 0 |
_aIndia at fifty : _bfacing stresses and strains / _cN.S. Gehlot. |
| 250 | _a1st ed. | ||
| 260 |
_aJaipur : _bNational Pub. House, _c1999. |
||
| 300 |
_ax, 330 p. ; _c22 cm. |
||
| 504 | _aIncludes bibliographical references (p. [328]-330). | ||
| 520 | _aChiefly on the post-1947 political scene in India. | ||
| 906 |
_a7 _bcbc _corigode _d3 _encip _f19 _gy-gencatlg |
||
| 942 |
_2ddc _cBK _h320.95409045 _iGEH/I _k320.95409045 _mGEH/I |
||